| 000 | 00495nam a2200193Ia 4500 | ||
|---|---|---|---|
| 008 | 170705s9999 xx 000 0 und d | ||
| 020 | _a9780439424431 | ||
| 245 | _aNergal and the great space race / | ||
| 245 | _cby Shana Corey ; pictures Mark Teague. | ||
| 260 | _aNew York : | ||
| 260 | _bScholastic, | ||
| 260 | _c2002 | ||
| 300 | _a32 pages : | ||
| 300 | _bcolor illustration ; | ||
| 300 | _c23cm. | ||
| 440 | _aFirst graders from Mars ; | ||
| 440 | _vepisode 3. | ||
| 500 | _a80 | ||
| 999 |
_c337361 _d337361 |
||